00537nam a2200205Ia 4500008004100000020001600041100000800057245004600065245002400111245004300135260001500178260002000193260000900213300001700222300002100239300001000260650003400270650001900304700000800323160803s9999 xx 000 0 und d a0 590218166 aAvi aWhat do fish have to do with anything? :  band other stories / c[Avi] ; illustrated by Tracy Mitchell. aNew York : bScholastic Inc. c1997 a202 pages :  billustrations ;  c20 cm aChildren's stories, American. aShort stories. a500